00499nam a2200193 a 4500001001300000003000900013005001700022008004100039020001000080082001600090100002100106245001700127260003200144300000900176500003500185505004100220650002300261700002100284nice12345678IN_TiNIC20260116011516.0050524s1903 boma grp 000 0 per  ac10000a181.07bRAZ aRazi, Fakhruddin aJameul-Uloom aBombaybNo Publishersc1903 a224p aincludes index and biblioraphy2 a12 Volumes in Bounded in Six Volumes aPhilosophy-Islamic1 aRazi, Fakhruddin